Embargo, tercerías y realización de bienes

Guardat en:
Dades bibliogràfiques
Autor principal: Navarrete Villegas, Luis Gonzalo (autor)
Format: Llibre
Idioma:espanyol
Publicat: Santiago Jurídica de Chile 2004
Edició:2a. ed
Matèries:
Etiquetes: Afegir etiqueta
Sense etiquetes, Sigues el primer a etiquetar aquest registre!

MARC

LEADER 00000nam a2200000 a 4500
001 UCK0951
003 CL-VaPUC
008 041029e20040000CL |||||||||||||||||spa|d
020 |a 9561015706 
082 0 4 |a 347.83077  |b NAV  |2 21 
100 |a Navarrete Villegas, Luis Gonzalo  |e autor  |9 488745 
245 1 0 |a Embargo, tercerías y realización de bienes 
250 |a 2a. ed 
300 |a 373 p 
942 |c BK 
945 |d 20041029 00:00:00  |a cmena 
260 |a Santiago  |b Jurídica de Chile  |c 2004 
650 0 |a Embargo   |9 334099 
650 0 |a Derecho de propiedad  |9 256450 
650 0 |a Bienes  |9 255749 
650 0 |a Incumplimiento de los contratos   |9 385193 
583 |a last modification  |c 20140409 05:47:35  |k Rodrigo Vera 
999 |c 311098  |d 311096 
952 |0 0  |1 0  |4 0  |6 347_830770000000000_NAV_2004  |7 0  |8 A  |9 380326  |a BIBDER  |b BIBDER  |d 2019-11-21  |i 4074262  |l 1  |m 1  |o 347.83077 NAV 2004  |p 4074262  |r 2023-01-25  |s 2020-03-05  |w 2019-11-21  |y BK  |k DER 
952 |0 0  |1 0  |4 0  |6 347_830770000000000_NAV_2004  |7 0  |8 A  |9 380327  |a BIBDER  |b BIBDER  |d 2019-11-21  |i 4588037  |o 347.83077 NAV 2004  |p 4588037  |r 2023-01-25  |w 2019-11-21  |y BK  |k DER